10 Plus grandes villes de Suisse (avec une carte) - Statistiques

Statistiques générales
  • Ce quiz a été pris 85 fois
  • Le résultat moyen est 7 sur 10
Réponses sur la Carte
Les réponses sont colorées sur une échelle allant du rouge au vert en fonction du pourcentage des utilisateurs qui les ont devinées à leur premier essai. Vous pouvez retrouver ces pourcentages ci-dessous.
 
Statistiques - réponses
Ville Population % Correct
Berne 135 mille
97%
Genève 210 mille
97%
Zurich 435 mille
97%
Lausanne 145 mille
91%
Bâle 180 mille
85%
Lucerne 85 mille
52%
Lugano 65 mille
48%
Saint-Gall 80 mille
42%
Bienne 55 mille
34%
Winterthour 120 mille
28%
Aucun quiz correspondant
Distribution des résultats
% des personnes avec chaque résultat
Percentile par nombre de réponses
Votre historique - résultats
Vous n’avez pas pris ce quiz